000
00275 a2200121 4500
082
_a
954.91 ZAF
090
_c
39007
_d
39007
100
_a
M.D.Zafar
245
_a
Pakistan Studies
_h
Urdu
260
_a
lahore
_b
Aziz Pub
_c
1995
300
_a
431p
942
_a
NUST-CAE
_k
954.91 ZAF
999
_c
465975
_d
465975